Unit operations of particulate solids: theory and practice

Saved in:
Bibliographic Details
Main Author: Ortega-Rivas, Enrique (Author)
Format: Book
Language:English
Published: Boca Ratón CRC 2012
Subjects:
Tags: Add Tag
No Tags, Be the first to tag this record!

MARC

LEADER 00000cam a2200000 a 4500
001 UCF1455
003 CL-VaPUC
008 120706e20120000US |||||||||||||||||eng|d
020 |a 9781439849071 
082 0 4 |a 620.43  |b ORT  |2 21 
100 |a Ortega-Rivas, Enrique  |e author  |9 562999 
245 1 0 |a Unit operations of particulate solids: theory and practice 
300 |a 474 p 
942 |c BK 
945 |d 20120706 00:00:00  |a cmena 
260 |a Boca Ratón  |b CRC  |c 2012 
650 0 |a Procesos químicos  |9 259436 
650 0 |a Sólidos  |9 260188 
650 7 |a OPERACIONES UNITARIAS  |2 CL-VaPUC  |9 405439 
583 |a last modification  |c 20120706 10:37:00  |k Rodrigo Vera 
999 |c 348232  |d 348230 
952 |0 0  |1 0  |4 0  |6 620_430000000000000_ORT_2012  |7 0  |8 A  |9 450181  |a BIBALI  |b BIBALI  |c GEN  |d 2019-11-22  |i 4881397  |o 620.43 ORT 2012  |p 4881397  |r 2025-01-20  |w 2019-11-22  |y BK  |k ALI